Vista normal
Vista MARC
Entrada Término de materia
Número de registros utilizados en: 58
001 - NÚMERO DE CONTROL
- Campo de control: 31616
003 - IDENTIFICADOR DE NÚMERO DE CONTROL
- Campo de control: ES-MaCES
005 - FECHA Y HORA DE LA ULTIMA MODIFICACION
- Campo de control: 20120116141100.0
008 - ELEMENTOS DE DATOS DE LONGITUD FIJA
- Campo de longitud fija: 010507 | azznnbabn || ana d
035 ## - NÚMERO DE CONTROL DEL SISTEMA
- Número de control del sistema: CES20010000202s
040 ## - FUENTE DE LA CATALOGACIÓN
- Agencia original de catalogación: ES-MaCES
- Idioma de catalogación: spa
- Agencia de transcripción: ES-MaCES
150 ## - ENCABEZAMIENTO--MATERIA
- Término de materia o geográfico como elemento de entrada: Carta de los Derechos Fundamentales de la Unión Europea
550 ## - TRAZADO VEÁSE ADEMÁS--MATERIA
- Término de materia o nombre geográfica como elemento de entrada: Carta CE
550 ## - TRAZADO VEÁSE ADEMÁS--MATERIA
- Término de materia o nombre geográfica como elemento de entrada: Carta Social Europea
670 ## - FUENTE DE DATOS ENCONTRADOS
- Fuente de citación: EUROVOC
901 ## - CES. DATOS SIRTEX
- ID Sirtex (N5N8): 0007700007827
- 005BIS Sirtex: 200105071017ALORITE

